Local state and uneven developement: behind the local government crisis (Record no. 408695)

000 -LEADER
fixed length control field 00484cam a22001457a 4500
008 - FIXED-LENGTH DATA ELEMENTS--GENERAL INFORMATION
fixed length control field 180718b1988 xxu||||| |||| 00| 0 eng d
020 ## - INTERNATIONAL STANDARD BOOK NUMBER
International Standard Book Number 0745604866
082 ## - DEWEY DECIMAL CLASSIFICATION NUMBER
Classification number B7x42 D912
100 ## - MAIN ENTRY--PERSONAL NAME
Personal name Duncan, Simon
245 ## - TITLE STATEMENT
Title Local state and uneven developement: behind the local government crisis
Statement of responsibility, etc. by Simon Duncan and Mark Goodwin
260 ## - PUBLICATION, DISTRIBUTION, ETC.
Place of publication, distribution, etc. Cambridge
Name of publisher, distributor, etc. Polity Press
Date of publication, distribution, etc. 1988
300 ## - PHYSICAL DESCRIPTION
Extent xviii, 297p
650 ## - SUBJECT ADDED ENTRY--TOPICAL TERM
Topical term or geographic name entry element Central-local government relations Great Britain
700 ## - ADDED ENTRY--PERSONAL NAME
Personal name Goodwin, Mark
Holdings
Withdrawn status Lost status Damaged status Not for loan Permanent Location Current Location Date acquired Full call number Barcode Date last seen Price effective from Koha item type
        Indian Institute of Public Administration Indian Institute of Public Administration 2008-12-24 B7x42 D912 DA5905 2018-07-21 2018-07-21 DA

Powered by Koha